60 Countries by Almost-Borders in 30 Seconds with a Map - Whammies - Statistics

General Stats
  • This quiz has been taken 159 times
  • The average score is 41 of 60
Answers on the Map
Answers color-coded by a green-red scale on the quiz's map according to % correct below.
 
Answer Stats
Country % Correct
France
97%
United States
97%
Russia
96%
Spain
96%
Canada
94%
Italy
94%
Luxembourg
94%
Mexico
94%
Chad
93%
China
93%
Kyrgyzstan
93%
Suriname
92%
Turkey
92%
Algeria
91%
Andorra
91%
Brazil
91%
Germany
91%
Kazakhstan
91%
Mongolia
91%
South Sudan
91%
Afghanistan
89%
Colombia
89%
Belgium
88%
Ethiopia
88%
Lithuania
86%
Pakistan
86%
Poland
86%
Belize
85%
Bolivia
85%
Guatemala
85%
Turkmenistan
85%
Uruguay
85%
India
84%
Mauritania
84%
Switzerland
84%
Chile
83%
Egypt
83%
Iran
83%
Laos
83%
Sudan
83%
Tajikistan
83%
D. R. Congo
82%
North Korea
82%
Belarus
81%
Georgia
81%
Myanmar
81%
Norway
81%
Panama
81%
Tunisia
81%
Vietnam
81%
Azerbaijan
80%
Cameroon
80%
Monaco
80%
Nigeria
80%
Nepal
79%
Benin
78%
Estonia
78%
Latvia
78%
Libya
78%
Netherlands
78%
Thailand
78%
Zambia
78%
Central African Republic
77%
Hungary
77%
Mali
77%
Venezuela
77%
Bhutan
76%
Côte d'Ivoire
76%
Burkina Faso
75%
Ecuador
75%
Honduras
75%
Slovakia
75%
Uzbekistan
75%
Botswana
74%
Denmark
74%
Guyana
74%
Morocco
74%
Niger
74%
Peru
74%
Rep. of the Congo
74%
Ukraine
74%
Kenya
73%
Angola
72%
Bulgaria
72%
Romania
71%
United Kingdom
71%
Austria
70%
Equatorial Guinea
70%
Malawi
70%
Sweden
70%
Uganda
70%
Ghana
69%
Namibia
69%
Tanzania
69%
Bangladesh
68%
Lesotho
68%
Paraguay
67%
Zimbabwe
67%
Burundi
66%
Rwanda
66%
Senegal
66%
Sri Lanka
66%
Armenia
65%
Finland
65%
Argentina
63%
Czech Republic
63%
Eritrea
63%
Slovenia
63%
South Korea
63%
Mozambique
62%
Guinea
61%
Jordan
61%
Somalia
60%
El Salvador
59%
Portugal
59%
Serbia
59%
South Africa
59%
Moldova
57%
Saudi Arabia
57%
Israel
56%
Kosovo
56%
Macedonia
56%
Togo
56%
Cambodia
54%
Gabon
53%
Iraq
52%
Nicaragua
52%
Greece
50%
Syria
50%
Djibouti
48%
Ireland
48%
Kuwait
48%
Sierra Leone
48%
Croatia
47%
Montenegro
47%
Bosnia and Herzegovina
46%
Costa Rica
43%
Guinea-Bissau
42%
Indonesia
42%
Swaziland
42%
Albania
41%
Liechtenstein
41%
Liberia
39%
Qatar
38%
Gambia
37%
Lebanon
37%
Yemen
35%
Haiti
34%
United Arab Emirates
34%
Oman
33%
Malaysia
32%
Brunei
30%
East Timor
29%
Dominican Republic
26%
Papua New Guinea
26%
Vatican City
24%
San Marino
11%
No matching quizzes found
Score Distribution
Percent of People with Each Score
Percentile by Number Answered
Your Score History
You have not taken this quiz